Online
Catalog

El Erotismo : / (Record no. 43532)

MARC details
000 -CABECERA
campo de control de longitud fija 00697nam a2200205 a 4500
001 - NÚMERO DE CONTROL
campo de control 000044043
005 - FECHA Y HORA DE LA ÚLTIMA TRANSACCIÓN
campo de control 20201002045118.0
008 - DATOS DE LONGITUD FIJA--INFORMACIÓN GENERAL
campo de control de longitud fija 140514s1988 sp 000 0 spa d
020 ## - NÚMERO INTERNACIONAL ESTÁNDAR DEL LIBRO
Número Internacional Estándar del Libro 8472230619
040 ## - FUENTE DE LA CATALOGACIÓN
Centro catalogador/agencia de origen DO-SdBNP
Lengua de catalogación spa
Centro/agencia transcriptor BNPHU
100 1# - ENTRADA PRINCIPAL--NOMBRE DE PERSONA
Nombre de persona Bataille, Georges
Fechas asociadas al nombre 1897-1962
9 (RLIN) 72024
245 13 - MENCIÓN DE TÍTULO
Título El Erotismo : /
Mención de responsabilidad, etc. Georges Bataille ; traducción de Antoni Vicens.
250 ## - MENCIÓN DE EDICIÓN
Mención de edición 5a. ed.
260 ## - PUBLICACIÓN, DISTRIBUCIÓN, ETC.
Lugar de publicación, distribución, etc. Barcelona :
Nombre del editor, distribuidor, etc. Tusquets,
Fecha de publicación, distribución, etc. 1988.
300 ## - DESCRIPCIÓN FÍSICA
Extensión 378 p. : ;
Dimensiones 19 cm.
490 1# - MENCIÓN DE SERIE
Mención de serie Marginales ;
Designación de volumen o secuencia 61
500 ## - NOTA GENERAL
Nota general Incluye datos biográficos del autor en la solapa de la cubierta
504 ## - NOTA DE BIBLIOGRAFÍA, ETC.
Nota de bibliografía, etc. Incluye referencias bibliográficas y notas al pie de las páginas
830 #0 - PUNTO DE ACCESO ADICIONAL DE SERIE-TÍTULO UNIFORME
Título uniforme Marginales
Designación de volumen o secuencia 61
9 (RLIN) 20830
Holdings
Estado de retiro Estado de pérdida Restricciones de uso No para préstamo Código de colección Localización permanente Ubicación/localización actual Ubicación en estantería Fecha de adquisición Número de inventario Total de préstamos Signatura topográfica completa Código de barras Fecha visto por última vez Precio válido a partir de Tipo de ítem Koha
      Excluido de préstamo Monografías: Libros y Folletos General General En catalogación 14.05.2014 LF1   44043-10 25.06.2020 25.06.2020 No se presta

Powered by Koha